| 000 | 00369nam a22001217a 4500 | ||
|---|---|---|---|
| 008 | 230629b xxu||||| |||| 00| 0 eng d | ||
| 082 |
_a346.06 _bEAC |
||
| 100 | _cEast African Community | ||
| 245 |
_aEast African community _b4th Extra-ordinary Meetings of the Council of Ministers |
||
| 260 |
_aArusha, Tanzania _bEAC _c2003 |
||
| 300 | _avarious panging | ||
| 942 |
_2ddc _cBK |
||
| 999 |
_c3059 _d3059 |
||